00948nam a22002657b 4500003000500000005001700005008004100022020002700063040002400090041001400114082001300128100003000141245007900171260004100250300002300291490001900314655002600333655002900359655003000388655003000418700004400448942005800492999001900550952011300569322820260325110444.0260325b sa ||||j |||| 00| 1 AFR d a0628036795 (paperback) aMPLbengc2000erda aAfrikaans 0aATF KRUG 973843aKruger, A.eauthor aDie blou gevaar /cgeskryf deur A. Kruger ; geskep deur Louise van Niekerk aMidrand :bPerskor Kagiso ,c©1998. a134 pages :c20 cm aMonstermaanv7 09188476aYouth Fiction 09189023aThriller Fiction 09188653a Suspence Fiction 09188659aAdventure Stories 9105465a Van Niekerk, Louise ecreator 2ddccBKw296xPhillipina Naudey296zPhillipina Naude c795086d795085 00102ddc40708FaKLIPLbKLIPLcCHILDd2026-03-25l0oATF KRUGp63239r2026-03-25w2026-03-25yBKzDC93395